| 000 | 00727nam a2200229 4500 | ||
|---|---|---|---|
| 003 | OSt | ||
| 005 | 20260423060220.0 | ||
| 006 | a | ||
| 008 | 240704b |||||||| |||| 00| 0 eng d | ||
| 020 | _a9780071107532 | ||
| 040 |
_aDWCL-Main lib. _cOC |
||
| 082 |
_2Third edition _aCirc. 515.22 S658c 2007 |
||
| 100 | _aSmith, Robert T. | ||
| 245 | _aCalculus: early trascendental functions, single variable / | ||
| 250 | _aThird edition | ||
| 260 |
_aBoston: _bMcGraw-Hill. Higher education, _cc2007. |
||
| 300 |
_axxxii, _bvarious paging: ill.; _c25cm. |
||
| 504 | _aIncludes index. | ||
| 650 | _a1. Calculus-textbooks. | ||
| 650 | _a2. Variables (mathematics)-txtbooks. | ||
| 942 |
_2ddc _n0 _cBK-CIRC _eThird edition _kCirc. |
||
| 999 |
_c1952 _d1952 |
||